தேசிய கவி சுப்பிரமணி பாரதியார்: வாழ்கையில் சில சுவாரசியமான தகவல்கள்/

Saved in:
Bibliographic Details
Main Author: சிவபாரதி
Format: Book
Language:English
Tamil
Published: சென்னை; CORAL Publishers, 2024
Subjects:
Tags: Add Tag
No Tags, Be the first to tag this record!

MARC

LEADER 00000nam a22000007a 4500
005 20260409111730.0
008 260409b |||||||| |||| 00| 0 eng d
020 |a 9789393107087 
041 |a tam  |h tam 
082 |a 920  |b சிவபா 
100 |a சிவபாரதி, 
245 |a தேசிய கவி சுப்பிரமணி பாரதியார்:  |b வாழ்கையில் சில சுவாரசியமான தகவல்கள்/  |c சிவபாரதி 
260 |a சென்னை;  |b CORAL Publishers,  |c 2024 
300 |a 48p.:  |b ;  |c 21.cm 
500 |a Purchased 
650 |a வாழ்க்கை வரலாறு 
942 |c BK 
999 |c 71153  |d 71153